000 00234 a2200097 4500
001 33042
100 _aSone,Y
245 _aKinetic Theory and Fluid Dynamics
260 _aMumbai
_bJaico Publishing House
_c2004
090 _c22170
_d22170
942 _aNUST-CAE
_cM
_c13526
999 _c268115
_d268115